Estadísticas para Máximos Goleadores de la Copa América

Haz click aquí para intentar la prueba.

Estadísticas generales

  • Esta prueba ha sido intentada 46 veces
    (40 desde el último reinicio)
  • La puntuación promedio es 4 de 24

Estadísticas de respuestas

PaisJugador% Correcto
Argentina (13)Lionel Messi
89%
Brasil (10)Ronaldo
76%
Argentina (13)Gabriel Batistuta
73%
Peru (10)Oscar Sanchez
49%
Peru (14)Paolo Guerrero
46%
Chile (14)Eduardo Vargas
24%
Brasil (13)Jair
11%
Brasil (11)Didi
5%
Peru (15)Teodoro Fernandez
5%
Uruguay (13)Hector Scarone
3%
Argentina (13)Jose Manuel Moreno
3%
Brasil (13)Ademir
0%
Argentina (10)Angel Labruna
0%
Uruguay (12)Angel Romano
0%
Colombia (10)Arnoldo Iguaran
0%
Chile (10)Enrique Hormazabal
0%
Uruguay (10)Hector Castro
0%
Argentina (11)Herminio Masantonio
0%
Uruguay (10)Javier Ambrois
0%
Argentina (17)Noberto Mendez
0%
Uruguay (10)Pedro Petrone
0%
Uruguay (12)Roberto Porta
0%
Uruguay (15)Severino Varela
0%
Brasil (17)Zizinho
0%

Distribución de puntuación

Porcentaje por número respondido

Porcentaje de gente con cada puntuación

Historial de tus puntuaciones

No has intentado esta prueba desde el último reinicio